00000000nam 2200000za 4500
0019.676728
003CaOODSP
00520250328135539
007cr |||||||||||
008150407|2014||||xxc|||||o    f|0| 0 spa d
020 |a978-0-662-03820-7
040 |aCaOODSP|bfre
043 |an-cn---
0861 |aHP35-44/2014Spa-PDF|zHP35-44/2014Sp-PDF
1102 |aAgence de santé publique du Canada.
24510|a[Vers l'équité en santé : |h[ressource électronique]|bapproches canadiennes relatives au rôle du secteur de la santé].
2461 |aHacia la equidad en materia de salud - enfoques canadienses sobre el papel del sector de la salud
250 |a[Édition espagnol].
260 |aOttawa - Ontario : |bAgence de santé publique du Canada. |cAvril 2014.
300 |a47p.|bréférences, tableaux
500 |aPublié aussi en français sous le titre : Vers l'équité en santé : approches canadiennes relatives au rôle du secteur de la santé.
546 |aTexte en espagnol.
590 |a15-05|b2015-01-30
77508|tVers l'équité en santé : |w(CaOODSP)9.643163
791 |t[Toward health equity : |eeng|w(CaOODSP)9.676727
85640|ahttp://publications.gc.ca|qPDF|s650 Ko|uhttps://publications.gc.ca/collections/collection_2015/aspc-phac/HP35-44-2014-spa.pdf
986 |aPub. : 140049